Mastering Bitcoin: Programming open block chain (Record no. 32767)
[ view plain ]
| 000 -LEADER | |
|---|---|
| fixed length control field | 00339nam a2200157Ia 4500 |
| 082 ## - DEWEY DECIMAL CLASSIFICATION NUMBER | |
| Item number | ANT |
| 100 ## - MAIN ENTRY--PERSONAL NAME | |
| Personal name | Antonopoulos/Andreas M |
| 245 ## - TITLE STATEMENT | |
| Title | Mastering Bitcoin: Programming open block chain |
| 260 ## - PUBLICATION, DISTRIBUTION, ETC. | |
| Name of publisher, distributor, etc. | Oreilly |
| Date of publication, distribution, etc. | 2017 |
| 366 ## - TRADE AVAILABILITY INFORMATION | |
| Publishers's discount category | 20 |
| 300 ## - PHYSICAL DESCRIPTION | |
| Extent | 369 |
| 546 ## - LANGUAGE NOTE | |
| Language note | ENGLISH |
| 650 ## - SUBJECT ADDED ENTRY--TOPICAL TERM | |
| Topical term or geographic name entry element | bitcoin |
| 654 ## - SUBJECT ADDED ENTRY--FACETED TOPICAL TERMS | |
| Focus term | bitcoin |
| 942 ## - ADDED ENTRY ELEMENTS (KOHA) | |
| Koha item type | BOOK |
| Withdrawn status | Lost status | Damaged status | Not for loan | Collection | Home library | Current library | Date acquired | Source of acquisition | Cost, normal purchase price | Inventory number | Total Checkouts | Full call number | Barcode | Date last seen | Date last checked out | Cost, replacement price | Price effective from | Koha item type | Date due |
|---|---|---|---|---|---|---|---|---|---|---|---|---|---|---|---|---|---|---|---|
| CRC | Fr. Agnel's C.Rodrigues College of Engineering | Fr. Agnel's C.Rodrigues College of Engineering | 17/03/2023 | A.O enterprises | 1092.00 | 349 dt 18.08.2022 | 1 | 25971 | 12/12/2024 | 03/12/2024 | 1400.00 | BOOK | |||||||
| CRC | Fr. Agnel's C.Rodrigues College of Engineering | Fr. Agnel's C.Rodrigues- College of Engineering | 17/03/2023 | Readers World | 1120.00 | 290 dt 27.07.2022 | 2 | ANT | 25892 | 31/07/2023 | 21/07/2023 | 1400.00 | BOOK | ||||||
| CRC | Fr. Agnel's C.Rodrigues College of Engineering | Fr. Agnel's C.Rodrigues- College of Engineering | 17/03/2023 | A.O enterprises | 1400.00 | 349 dt 18.08.2022 | 1 | 5.76 | 25972 | 12/06/2023 | 12/06/2023 | 1400.00 | BOOK | 06/09/2022 |